000 00634nam a2200181Ia 4500
008 151202s9999||||xx |||||||||||||| ||und||
082 _bPNVM-39551
100 _aसुधांशु उर्फ जोशी ह. न.
245 _aभत्तिगीते.
260 _b"उत्कर्ष प्रकाशन, पुणे."
260 _c1992
300 _a75
600 _aसुधांशु उर्फ जोशी ह. न.
630 _aभत्तिगीते.
700 _aसुधांशु उर्फ जोशी ह. न.
730 _aभत्तिगीते.
942 _cBOOK
999 _c1305503
_d1305500